000 00828nam a22002177a 4500
005 20240530110510.0
008 151025s2011 ua ao g 000 0 ara d
017 _a2011/5837
_bمصر . دار الكتب المصرية
040 _aEG-CaGPL
082 0 4 _221
_a303.4
_bق/ع ث
100 0 _aعطية العدل
245 1 0 _aثورة يناير فى القران الكريم /
_cتاليف عطية العدل
250 _aط1
260 _aالقاهرة :
_bمكتبة جزيرة الورد ،
_c2011 .
300 _a160 ص :
_bصور ؛
_c24 سم .
650 0 4 _aثورة 25 يناير
_xالقران الكريم
651 0 4 _aمصر
_xتاريخ
_xالثورات
651 0 4 _aمصر
_xتاريخ
_yالعصر الحديث
_xثورة 25 يناير
942 _2ddc
_cBK
999 _c61647
_d61647